000 00600nam a2200217Ia 4500
005 20260429112122.0
008 260429s9999||||xx |||||||||||||| ||und||
020 _a9789361314094
041 _aEnglish
082 _a304.25
_bLIE
100 _aLieberman, Benjamin
245 0 _aClimate change in human history :
_bprehistory to the present /
_cBenjamin Lieberman
250 _a2nd ed.
260 _aNew Delhi :
_bBloomsbury,
_c2025.
300 _ax, 322 p.; pbk
650 _a Civilizations
650 _a Human history
650 _aClimate
700 _a Gordon, Elizabeth
942 _cTB
999 _c52449
_d52449